|
|
|
|
| LEADER |
00728nam a2200205 a 4500 |
| 001 |
c000262686 |
| 003 |
CARM |
| 005 |
20070618125007.0 |
| 008 |
070618s1971 nyu 000 1 eng d |
| 019 |
1 |
|
|a 8892316
|z 50071347
|5 LACONCORD2021
|
| 020 |
|
|
|a 0441659500 (pbk.)
|
| 035 |
|
|
|a (OCoLC)39018003
|5 LACONCORD2021
|
| 040 |
|
|
|a VCAV
|b eng
|c VCAV
|
| 100 |
1 |
|
|a Davidson, Avram.
|
| 245 |
1 |
0 |
|a Peregrine :
|b Primus /
|c by Avram Davidson.
|
| 260 |
|
|
|a New York :
|b Ace Books,
|c c1971.
|
| 300 |
|
|
|a 220 p.
|
| 852 |
8 |
|
|b CARM
|h A1:AO16A0
|i A04364
|p 0380334
|f BK
|
| 999 |
f |
f |
|i f2afa964-7ac9-564d-9ee0-446b00ef81b9
|s 95bedfbe-55d4-5ead-b461-1a63a02a5eb1
|
| 952 |
f |
f |
|p Can circulate
|a CAVAL
|b CAVAL
|c CAVAL
|d CARM 1 Store
|e A04364
|f A1:AO16A0
|h Other scheme
|i book
|m 0380334
|